النشرة السنوية للإحصاءات والمؤشرات المالية للبنوك وشركات التأمين والصرافة والسمسرة عام 2017/2016./

يعتبر الجهاز المصرفي والتأميني أحد الدعائم الأساسية للتنمية الإقتصادية في ظل المتغيرات الدولية والإقليمية وظهور التكتلات الإقتصادية والشركات متعددة الجنسيات وحرية انتقال السلع والخدمات ورؤوس الأموال والمعلومات عبر دول العالم....

全面介绍

Saved in:
书目详细资料
主要作者: الجهاز المركزي للتعبئة العامة والإحصاء
企业作者: مصر (الجهاز المركزى للتعبئة العامة والإحصاء.)
格式: 序列
语言:阿拉伯语
出版: القاهرة : الجهاز المركزى للتعبئة العامة والإحصاء. 2020
主题:
标签: 添加标签
没有标签, 成为第一个标记此记录!

MARC

LEADER 00000nas a22000007a 4500
003 INP
005 20200912163522.0
008 180306buuuuuuuuua ar||| |||| 00| 0 ara d
952 |0 0  |1 0  |4 0  |6 332_380000000000000_ن_ش_20162017  |7 0  |8 نشرات التع  |9 19705  |a INP  |b INP  |c JOUR  |d 2019-07-18  |l 0  |o 332.38 ن ش 2016-2017  |p 020710  |r 2022-03-28 00:00:00  |w 2019-07-18  |y PUB 
999 |c 16200  |d 16200 
017 |a 2014/18854 
040 |a EG-INP  |b ara  |c EG-INP 
082 0 4 |2 21  |a 332.38  |b ن ش 2016-2017 
100 |a الجهاز المركزي للتعبئة العامة والإحصاء 
245 0 2 |a النشرة السنوية للإحصاءات والمؤشرات المالية للبنوك وشركات التأمين والصرافة والسمسرة عام 2017/2016./  |c الجهاز المركزي للتعبئة العامة والإحصاء 
260 |a القاهرة :  |b الجهاز المركزى للتعبئة العامة والإحصاء.  |c 2020 
300 |a مج.:  |b إيض. ؛  |c 29 سم. 
310 |a سنوى. 
500 |a مرجع رقم 71-22319-2017 
500 |a يبنى الوصف على عام 2017/2016 
500 |a إصدار نوفمبر 2018 
520 |a يعتبر الجهاز المصرفي والتأميني أحد الدعائم الأساسية للتنمية الإقتصادية في ظل المتغيرات الدولية والإقليمية وظهور التكتلات الإقتصادية والشركات متعددة الجنسيات وحرية انتقال السلع والخدمات ورؤوس الأموال والمعلومات عبر دول العالم. 
650 7 |2 qrmak  |a البنوك. 
650 7 |2 qrmak  |a الإستثمارات. 
650 7 |2 qrmak  |a النمو الإقتصادى. 
650 7 |2 qrmak  |a شركات التأمين. 
650 7 |2 qrmak  |a الإستثمار. 
650 7 |2 qrmak  |a التنمية الإقتصادية. 
650 7 |2 qrmak  |a التأمين. 
710 1 |a مصر.  |e الجهاز المركزى للتعبئة العامة والإحصاء. 
901 |a inp35 
902 |a egpv34 
903 |a original 
942 |2 ddc  |c PUB